The invisible children : (Record no. 7451)

MARC details
000 -LEADER
fixed length control field 00593cam a2200193 a 4500
001 - CONTROL NUMBER
control field 328869
003 - CONTROL NUMBER IDENTIFIER
control field NG-AbAUS
005 - DATE AND TIME OF LATEST TRANSACTION
control field 20230319005600.0
008 - FIXED-LENGTH DATA ELEMENTS--GENERAL INFORMATION
fixed length control field 850328r1985 nyu 000 0 eng
020 ## - INTERNATIONAL STANDARD BOOK NUMBER
International Standard Book Number 0394533895
040 ## - CATALOGING SOURCE
Modifying agency CStRLIN
082 0# - DEWEY DECIMAL CLASSIFICATION NUMBER
Classification number 306.7/45
Edition number 19
100 1# - MAIN ENTRY--PERSONAL NAME
Personal name Sereny, Gitta.
9 (RLIN) 484
245 14 - TITLE STATEMENT
Title The invisible children :
Remainder of title child prostitution in America, West Germany, and Great Britain /
Statement of responsibility, etc Gitta Sereny.
250 ## - EDITION STATEMENT
Edition statement 1st American ed.
260 ## - PUBLICATION, DISTRIBUTION, ETC. (IMPRINT)
Place of publication, distribution, etc New York :
Name of publisher, distributor, etc Knopf :
-- Distributed by Random House,
Date of publication, distribution, etc 1985, c1984.
300 ## - PHYSICAL DESCRIPTION
Extent xxiii, 254 p. ;
Dimensions 25 cm.
942 ## - ADDED ENTRY ELEMENTS (KOHA)
Source of classification or shelving scheme Dewey Decimal Classification
Item type Book

No items available.